00728nam a22001577a 4500008004100000040005500041080001800096245017200114260005700286300001000343650002100353653002600374942001200400999001700412952014100429230602b |||||||| |||| 00| 0 eng d aNational Science LibrarycNational Science Library a616-001.2bK3 aRadiation damage in reactor materialsc/ Proceeding series radiation damage in reactor materials part of the proceedings.................................7-11 May, 1962 aVienna: bInternational Atomic Energy Agency, c1963 a762p. aRadiation damage aFissionable materials 2udccPR c38742d38742 00102udc4066160012_K370958312aNSLbNSLcGF/Rk-12/C-2/R-6d2004-08-02l0o616-001.2 K3p193725r2023-06-02 00:00:00w2004-08-02yPR